| 000 | 00738nam a22002417a 4500 | ||
|---|---|---|---|
| 003 | dpl | ||
| 005 | 20180809153130.0 | ||
| 008 | 180809b xxu||||| |||| 00| 0 eng d | ||
| 010 | _aA-779695 | ||
| 020 |
_c00.00 _a8172244142 |
||
| 035 | _aA-779695, A-779699 | ||
| 037 | _bCen Lib/Ret | ||
| 040 |
_aDPL _bEN _c0 |
||
| 082 |
_a230.31 _bJHI |
||
| 100 |
_aJhirad, Jacob Aaron _911560 |
||
| 245 |
_aGod, man and religion / _cby Jacob Aaron Jhirad |
||
| 260 |
_aBombay _bJacob Publishing House _c1995 |
||
| 270 |
_bBombay _e400023 _a121, Manhatama Gandhi Road |
||
| 300 |
_axi,127p. _c20cm(Hb) |
||
| 650 |
_aReligion -- Philosophy _972280 |
||
| 650 |
_aExperience (Religion) _972281 |
||
| 942 |
_2ddc _cEN _h230.31 _mJHI |
||
| 999 |
_c124676 _d124676 |
||